Normal view
MARC view
Entry Personal Name
001 - CONTROL NUMBER
- control field: 50166
003 - CONTROL NUMBER IDENTIFIER
- control field: dpl
005 - DATE AND TIME OF LATEST TRANSACTION
- control field: 20120713162040.0
008 - FIXED-LENGTH DATA ELEMENTS
- fixed length control field: 120713|||a|||||| | ||| d
040 ## - CATALOGING SOURCE
- Original cataloging agency: dpl
- Transcribing agency: dpl
100 ## - HEADING--PERSONAL NAME
- Personal name: सोबती, कृष्णा
670 ## - SOURCE DATA FOUND
- Source citation: Work cat.: (dpl)62136: सोबती, कृष्णा, यारों के यार /, 2010
670 ## - SOURCE DATA FOUND
- Source citation: Work cat.: (dpl)62136: सोबती, कृष्णा, यारों के यार /, 2010
